<?xml version="1.0" encoding="UTF-8"?>
<record
    xmlns:xsi="http://www.w3.org/2001/XMLSchema-instance"
    xsi:schemaLocation="http://www.loc.gov/MARC21/slim http://www.loc.gov/standards/marcxml/schema/MARC21slim.xsd"
    xmlns="http://www.loc.gov/MARC21/slim">

  <leader>03278cam a22003375i 4500</leader>
  <datafield tag="999" ind1=" " ind2=" ">
    <subfield code="c">27856</subfield>
    <subfield code="d">27827</subfield>
  </datafield>
  <controlfield tag="001">16974059</controlfield>
  <controlfield tag="003">EG-ScBUE</controlfield>
  <controlfield tag="005">20191202134649.0</controlfield>
  <controlfield tag="008">110923t20122012nyu    f b    001 0deng d</controlfield>
  <datafield tag="020" ind1=" " ind2=" ">
    <subfield code="a">9781603291095 (pbk. : alk. paper)</subfield>
  </datafield>
  <datafield tag="035" ind1=" " ind2=" ">
    <subfield code="a">(OCoLC)ocn738364105</subfield>
  </datafield>
  <datafield tag="040" ind1=" " ind2=" ">
    <subfield code="a">DLC</subfield>
    <subfield code="b">eng</subfield>
    <subfield code="e">rda</subfield>
    <subfield code="c">DLC</subfield>
    <subfield code="d">YDX</subfield>
    <subfield code="d">BTCTA</subfield>
    <subfield code="d">YDXCP</subfield>
    <subfield code="d">UKMGB</subfield>
    <subfield code="d">AAA</subfield>
    <subfield code="d">ZCU</subfield>
    <subfield code="d">DEBBG</subfield>
    <subfield code="d">BWX</subfield>
    <subfield code="d">CDX</subfield>
    <subfield code="d">BDX</subfield>
    <subfield code="d">IOG</subfield>
    <subfield code="d">YUS</subfield>
    <subfield code="d">A7U</subfield>
    <subfield code="d">DLC</subfield>
    <subfield code="d">EG-ScBUE</subfield>
  </datafield>
  <datafield tag="082" ind1="0" ind2="4">
    <subfield code="a">892.736</subfield>
    <subfield code="b">APP</subfield>
    <subfield code="2">22</subfield>
  </datafield>
  <datafield tag="245" ind1="0" ind2="0">
    <subfield code="a">Approaches to teaching the works of Naguib Mahfouz /</subfield>
    <subfield code="c">edited by Wa&#xEF;l S. Hassan and Susan Muaddi Darraj.</subfield>
  </datafield>
  <datafield tag="264" ind1=" " ind2="1">
    <subfield code="a">New York :</subfield>
    <subfield code="b">The Modern Language Association of America,</subfield>
    <subfield code="c">[2012]</subfield>
  </datafield>
  <datafield tag="264" ind1=" " ind2="4">
    <subfield code="c">c2012</subfield>
  </datafield>
  <datafield tag="300" ind1=" " ind2=" ">
    <subfield code="a">viii, 226 pages ;</subfield>
    <subfield code="c">23 cm.</subfield>
  </datafield>
  <datafield tag="336" ind1=" " ind2=" ">
    <subfield code="a">text</subfield>
    <subfield code="b">txt</subfield>
    <subfield code="2">rdacontent</subfield>
  </datafield>
  <datafield tag="337" ind1=" " ind2=" ">
    <subfield code="a">unmediated</subfield>
    <subfield code="b">n</subfield>
    <subfield code="2">rdamedia</subfield>
  </datafield>
  <datafield tag="338" ind1=" " ind2=" ">
    <subfield code="a">volume</subfield>
    <subfield code="b">nc</subfield>
    <subfield code="2">rdacarrier</subfield>
  </datafield>
  <datafield tag="490" ind1="1" ind2=" ">
    <subfield code="a">Approaches to teaching world literature,</subfield>
    <subfield code="x">1059-1133 ;</subfield>
    <subfield code="v">119</subfield>
  </datafield>
  <datafield tag="504" ind1=" " ind2=" ">
    <subfield code="a">Includes bibliographical references and index.</subfield>
  </datafield>
  <datafield tag="505" ind1="0" ind2=" ">
    <subfield code="a">Materials. Early years -- Novels and short stories -- Memoirs, interviews, and articles -- Mahfouz and cinema -- Mahfouz in translation -- Resources for teachers -- Approaches. Introduction -- Contexts -- Teaching a seminar on Mahfouz / Wail S. Hassan -- Teaching Mahfouz as world literature / Michelle Hartman -- Mahfouz's novels and the nation / Terri DeYoung -- Enduring left melancholia: Mahfouz's The beggar and the Nasserite intellectual / Nouri Gana -- Mahfouz's posts / Shaden M. Tageldin -- Mahfouz and The Arabian nights tradition / Justin St. Clair -- Teaching specific texts. Hamida's options: Egyptian futures versus British interests in Mahfouz's Midaq Alley / Barbara Harlow -- Teaching Mahfouz: style in translation / Maysa Abou-Youssef Hayward -- Christ and the Abrahamic legacy in Children of the alley / Nabil Matar -- Teaching Mahfouz's "Zaabalawi" / Roger Allen -- Homage to Ibn alFarid: nostalgia in "Zaabalawi" / Michael Beard -- Miramar and postcolonial melancholia / Elliott Colla -- Miramar: a pension at the intersection of competing discourses / Hala Halim.</subfield>
  </datafield>
  <datafield tag="520" ind1=" " ind2=" ">
    <subfield code="a">Naguib Mahfouz is the Arab world's best-known writer and the single most important chronicler and analyst of twentieth-century Egypt. He was awarded the Nobel Prize in Literature in 1988, and since then his work has been increasingly studied in North American university classrooms. This first volume in the MLA series Approaches to Teaching World Literature to focus on an Arab author or Arabic literature provides an introduction to Mahfouz. In part 1, "Materials," the editors discuss Mahfouz's background, influence, and critical reception. In part 2, "Approaches," the volume's contributors offer information, resources, and insights for teaching his work. Topics covered include the Arabian Nights tradition in Mahfouz's work, the challenge of teaching Mahfouz in English translation, the Nasserite intellectual in The Beggar, the image of Alexandria in Miramar, the bitterness of British occupation in Midaq Alley, and the quest of Sufism in "Zaabalawi."</subfield>
  </datafield>
  <datafield tag="600" ind1="1" ind2="7">
    <subfield code="a">Ma&#x1E25;f&#x16B;&#x1E93;, Naj&#x12B;b,</subfield>
    <subfield code="d">1911-2006</subfield>
    <subfield code="x">Study and teaching.</subfield>
    <subfield code="2">BUEsh</subfield>
  </datafield>
  <datafield tag="653" ind1=" " ind2=" ">
    <subfield code="b">HHUUEENN</subfield>
    <subfield code="c">November2019</subfield>
  </datafield>
  <datafield tag="655" ind1=" " ind2=" ">
    <subfield code="v">Reading book</subfield>
  </datafield>
  <datafield tag="700" ind1="1" ind2=" ">
    <subfield code="a">Hassan, Wa&#xEF;l S.</subfield>
    <subfield code="e">editor.</subfield>
  </datafield>
  <datafield tag="700" ind1="1" ind2=" ">
    <subfield code="a">Darraj, Susan Muaddi,</subfield>
    <subfield code="e">editor.</subfield>
  </datafield>
  <datafield tag="942" ind1=" " ind2=" ">
    <subfield code="2">ddc</subfield>
    <subfield code="c">BB</subfield>
  </datafield>
  <datafield tag="952" ind1=" " ind2=" ">
    <subfield code="0">0</subfield>
    <subfield code="1">0</subfield>
    <subfield code="2">ddc</subfield>
    <subfield code="4">0</subfield>
    <subfield code="7">0</subfield>
    <subfield code="8">Baccah</subfield>
    <subfield code="a">MAIN</subfield>
    <subfield code="b">MAIN</subfield>
    <subfield code="c">2ND</subfield>
    <subfield code="d">2019-11-26</subfield>
    <subfield code="e">Purchase</subfield>
    <subfield code="g">240.00</subfield>
    <subfield code="o">892.736 APP</subfield>
    <subfield code="p">000048338</subfield>
    <subfield code="r">2025-07-15 00:00:00</subfield>
    <subfield code="v">300.00</subfield>
    <subfield code="w">2019-11-26</subfield>
    <subfield code="y">BB</subfield>
  </datafield>
</record>
